| 000 | 00371nam a2200145Ia 4500 | ||
|---|---|---|---|
| 008 | 220613s9999||||xx |||||||||||||| ||und|| | ||
| 020 | _a9788189485245 | ||
| 100 | _aGharote M L & Ganguly S K | ||
| 245 | 0 | _aTeaching Methods For Yogic Pratice | |
| 250 | _a1st(1988)6thReprint(2019) | ||
| 260 | _bKaivalyadhama Lonavia | ||
| 300 | _a145 | ||
| 650 | _ayoga | ||
| 942 | _cGB | ||
| 999 |
_c11776 _d11776 |
||